Microbial biochemistry / (Record no. 49537)
[ view plain ]
| 000 -LEADER | |
|---|---|
| fixed length control field | 01388cam9a220034901 4500 |
| 001 - CONTROL NUMBER | |
| control field | lce00394180 |
| 008 - FIXED-LENGTH DATA ELEMENTS--GENERAL INFORMATION | |
| fixed length control field | 780822s1979 mdua b 001 0 eng |
| 010 ## - LIBRARY OF CONGRESS CONTROL NUMBER | |
| LC control number | 78012191 //r89 |
| 020 ## - INTERNATIONAL STANDARD BOOK NUMBER | |
| International Standard Book Number | 0839110871 |
| 035 ## - SYSTEM CONTROL NUMBER | |
| System control number | (Sirsi) r49297 |
| 035 ## - SYSTEM CONTROL NUMBER | |
| System control number | (DLC) 78012191 //r89 |
| 035 ## - SYSTEM CONTROL NUMBER | |
| System control number | (UPRA)lce00394180 |
| 040 ## - CATALOGING SOURCE | |
| Modifying agency | ICU |
| 050 0# - LIBRARY OF CONGRESS CALL NUMBER | |
| Classification number | QP501 |
| Item number | .B527 vol. 21 |
| Classification number | QR84 |
| 060 ## - NATIONAL LIBRARY OF MEDICINE CALL NUMBER | |
| Classification number | W1 IN8296 v. 21 |
| -- | QW4.3 M626 |
| 082 ## - DEWEY DECIMAL CLASSIFICATION NUMBER | |
| Classification number | 574.1/92/08 s |
| -- | 576/.11/92 |
| 245 00 - TITLE STATEMENT | |
| Title | Microbial biochemistry / |
| Statement of responsibility, etc. | edited by J. R. Quayle. |
| 260 ## - PUBLICATION, DISTRIBUTION, ETC. | |
| Place of publication, distribution, etc. | Baltimore : |
| Name of publisher, distributor, etc. | University Park Press, |
| Date of publication, distribution, etc. | c1979. |
| 440 #0 - SERIES STATEMENT/ADDED ENTRY--TITLE | |
| Title | International review of biochemistry ; |
| Volume/sequential designation | v. 21 |
| Linkage | S2466.1 |
| 504 ## - BIBLIOGRAPHY, ETC. NOTE | |
| Bibliography, etc. note | Includes bibliographical references and index. |
| 650 #0 - SUBJECT ADDED ENTRY--TOPICAL TERM | |
| Topical term or geographic name entry element | Microbiological chemistry. |
| Linkage | S4501.1 |
| 650 #2 - SUBJECT ADDED ENTRY--TOPICAL TERM | |
| Topical term or geographic name entry element | Microbiology. |
| Linkage | S210.1 |
| 700 1# - ADDED ENTRY--PERSONAL NAME | |
| Personal name | Quayle, J. R. |
| Linkage | A7326.1 |
| 949 ## - LOCAL PROCESSING INFORMATION (OCLC) | |
| a | QP501 |
| v | VOL. 212 |
| w | LC |
| i | 33729000127675 |
| m | MEDICAL |
| p | 2500 |
| t | BOOK |
| l | ON-SHELF |
| 949 ## - LOCAL PROCESSING INFORMATION (OCLC) | |
| a | QP501 |
| v | VOL. 211 |
| w | LC |
| i | 33729000127683 |
| m | MEDICAL |
| p | 2500 |
| t | BOOK |
| l | ON-SHELF |
| 949 ## - LOCAL PROCESSING INFORMATION (OCLC) | |
| a | QP501 |
| v | VOL. 213 |
| w | LC |
| i | -61469 |
| m | MEDICAL |
| p | 2500 |
| t | BOOK |
| l | ON-SHELF |
| 949 ## - LOCAL PROCESSING INFORMATION (OCLC) | |
| a | QP501 |
| v | VOL. 214 |
| w | LC |
| i | -61470 |
| m | MEDICAL |
| p | 2500 |
| t | BOOK |
| l | ON-SHELF |
| 949 ## - LOCAL PROCESSING INFORMATION (OCLC) | |
| a | QP501 |
| v | VOL. 215 |
| w | LC |
| i | -61471 |
| m | MAIN |
| p | 2500 |
| t | BOOK |
| l | ON-SHELF |
| 949 ## - LOCAL PROCESSING INFORMATION (OCLC) | |
| a | QP501 |
| v | VOL. 216 |
| w | LC |
| i | -61472 |
| m | MEDICAL |
| p | 2500 |
| t | BOOK |
| l | ON-SHELF |
| 949 ## - LOCAL PROCESSING INFORMATION (OCLC) | |
| a | QP501 |
| v | VOL. 217 |
| w | LC |
| i | -61473 |
| m | MAIN |
| p | 2500 |
| t | BOOK |
| l | ON-SHELF |
No items available.